| 000 | 01829cam a22003858i 4500 | ||
|---|---|---|---|
| 001 | 20779870 | ||
| 003 | NUST | ||
| 005 | 20211027123917.0 | ||
| 008 | 181213s2019 enk b 001 0 eng | ||
| 010 | _a 2018057975 | ||
| 020 | _a9781108463560 (Paperback) | ||
| 038 | _aAzhar | ||
| 040 |
_aDLC _beng _erda _cDLC |
||
| 042 | _apcc | ||
| 050 | 0 | 0 |
_aK3240 _b.S38 2019 |
| 082 | 0 | 0 |
_a341.48 _223 |
| 100 | 1 |
_aSchutter, Olivier de, _eauthor. _983441 |
|
| 245 | 1 | 0 |
_aInternational human rights law : _bcases, materials, commentary / _cOlivier De Schutter. |
| 250 | _aThird edition. | ||
| 263 | _a1905 | ||
| 264 | 1 |
_aCambridge, United Kingdom : _bCambridge University Press, _c[2019] |
|
| 300 | _a1075p | ||
| 336 |
_atext _btxt _2rdacontent |
||
| 337 |
_aunmediated _bn _2rdamedia |
||
| 338 |
_avolume _bnc _2rdacarrier |
||
| 504 | _aIncludes bibliographical references and index. | ||
| 505 | 0 | _aThe rise of international human rights -- State responsibility and 'jurisdiction' -- 'Respecting human rights : avoiding interference -- Protecting human rights : regulating private actors introduction -- Fulfilling human rights : progressive realization -- Derogations in time of public emergency -- The prohibition of discrimination -- Ensuring compliance with international human rights Law : the role of national authorities -- The United Nations human rights treaties system introduction -- The United Nations charter-based monitoring of human rights -- Regional mechanisms of protection. | |
| 563 | _aP.B | ||
| 650 | 0 |
_aHuman rights. _9498 |
|
| 650 | 0 |
_aInternational law and human rights. _983442 |
|
| 655 | 7 |
_aCasebooks (Law) _2lcgft _983443 |
|
| 906 |
_a7 _bcbc _corignew _d1 _eecip _f20 _gy-gencatlg |
||
| 942 |
_2ddc _cBK |
||
| 999 |
_c586597 _d586597 |
||